Statistics for 1M Cities on the Map of India, with hints appearing on dots

Click here to take the quiz!

General Stats

  • This quiz has been taken 950 times
  • The average score is 28 of 54

Answers on the Map

Answers color-coded by a green-red scale on the quiz's map according to % correct below.
 

Answer Stats

City% Correct
Delhi (Mee-gar-bād)
99%
Mumbai (Pun-ik-)
97%
Kolkata (Āsa-she-d)
95%
Chennai (Sal-gal-ira)
92%
Bangalore (Mys-em-ur)
91%
Hyderabad (Vij-lap-)
90%
Ahmedabad (Vad-kot-)
89%
Pune (Mum-ik-aba)
87%
Jaipur (Kot-a-)
81%
Lucknow (Kan-aha-ly)
80%
Agra (Alī-lio-)
78%
Surat (Vad-ik-bad)
76%
Nagpur (Jab-lai-)
68%
Bhopal (Ind-alp-)
66%
Kanpur (Luc-aha-r)
65%
Patna (Var-nba-)
64%
Indore (Bho-ā-ra)
63%
Amritsar (Jul-hia-gar)
60%
Coimbatore (Tir-hi-)
55%
Jodhpur (Jai-ā-bad)
53%
Kochi (Coi-upp-i)
53%
Varanasi (All-na-w)
53%
Chandigarh (Lud-lun-ar)
52%
Vishakhapatnam (Vij-ban-)
50%
Allahabad (Var-kno-)
48%
Bhilai (Nag-alp-hap)
48%
Srinagar (Amr-lun-na)
48%
Vadodara (Ahm-at-)
47%
Mysore (Ban-mba-ur)
45%
Rajkot (Ahm-at-ra)
45%
Ludhiana (Jul-ndi-ar)
44%
Madurai (Tir-upp-tor)
42%
Ranchi (Jam-nba-l)
41%
Guwahati (Kol-nso-d)
39%
Meerut (Del-ādā-h)
38%
Aurangabad (Nas-e-ur)
37%
Bhubaneswar (Jam-chi-a)
37%
Salem (Tir-upp-tor)
35%
Jamshedpur (Ran-nba-l)
34%
Vijayawada (Hyd-hak-i)
34%
Gwalior (Agr-gar-)
33%
Kotā (Jai-lio-)
33%
Jabalpur (Nag-pal-)
31%
Alīgarh (Agr-hi-bād)
29%
Āsansol (Dha-she-)
29%
Dhanbad (Āsa-she-)
28%
Morādābād (Bar-rut-h)
26%
Bareilly (Mor-gar-)
25%
Nasik (Mum-ang-)
24%
Hubli (Sho-gal-)
23%
Tiruppur (Coi-em-ira)
22%
Tiruchirappalli (Sal-ura-ur)
17%
Sholapur (Pun-ang-)
12%
Jullundur (Lud-its-gar)
9%

Score Distribution

Percentile by Number Answered

Percent of People with Each Score

Your Score History

You have not taken this quiz